| 000 | 00966 a2200181 4500 | ||
|---|---|---|---|
| 003 | NUST | ||
| 005 | 20221117125553.0 | ||
| 020 | _a0-534-05592-3 | ||
| 040 | _cNust | ||
| 082 | 1 | _a515,HUR | |
| 100 | 1 |
_aHurley, James Frederick, _9102849 |
|
| 245 | 0 | 0 |
_aCalculus / _cJames F. Hurley |
| 260 |
_aBelmont, Calif. : _bWadsworth Pub. Co., _cc1987 |
||
| 300 | _a1061 p.: | ||
| 505 | _aFunctions and Limits (Page-3), Derivatives (Page-62), Applications of Differentiation (Page-140), Integrals (Page-227), Applications of Integration (Page-280), Further Transcendental Functions (Page-335), Techniques of Integration (Page-422), Some Plane analytic Geometry (Page-479), Infinite Sequences and Series (Page-546), Vector and Scalar Functions (Page-683), Differentiation of Scalar Functions (Page-745), Multiples Integration (Page-833), Vector Calculus (Page-901), Differential Equations (Page-989), Appendices (Page-A1). | ||
| 650 | 0 | _aCalculus | |
| 942 |
_2ddc _cBK _k515,HUR |
||
| 999 |
_c217729 _d217729 |
||